Možnosti praktickej aplikácie vybraných teórií portfólia na kapitálovom trhu

Pokračovanie príspevku z predchádzajúceho čísla. Teória arbitrážneho oceňovania (APT). Ďalšie modifikácie modelu CAPM.

Na minha lista:
Detalhes bibliográficos
Autor principal: Kardoš, Jaroslav
Formato: Capítulo de Livro
Idioma:eslovaco
Assuntos:
Tags: Adicionar Tag
Sem tags, seja o primeiro a adicionar uma tag!

MARC

LEADER 00000nla$a2200000$$$4500
001 0055566
005 20231121080740.6
041 0 |a slo 
044 |a SK 
245 1 0 |a Možnosti praktickej aplikácie vybraných teórií portfólia na kapitálovom trhu  |c Jaroslav Kardoš 
520 |a Pokračovanie príspevku z predchádzajúceho čísla. Teória arbitrážneho oceňovania (APT). Ďalšie modifikácie modelu CAPM. 
610 2 0 |a rozhodovanie investičné 
610 2 0 |a trh finančný 
610 2 0 |a trh kapitálový 
610 2 0 |a portfólio 
610 2 0 |a modely ekonomicko-matematické 
610 2 0 |a arbitráž menová 
610 2 0 |a oceňovanie 
100 1 |a Kardoš, Jaroslav